000 00425nam a2200133Ia 4500
003 GCL
008 140319s9999 xx 000 0 ara d
040 _aGCL /
_cGCL
082 0 4 _a913.09
_bج ق
245 1 0 _aالقول المستظرف فى سفر مولانا الملك الاشرف او (رحلة قايتباى الى بلاد الشام)
260 _a[S.N] :
_bجروس برس ،
_c1984
300 _a191 ص
490 _a
999 _c35528
_d35528